zpět

Detail výsledku týmu

Baarovka, České Budějovice

Datum a čas kvízu

16.5 Celkem bodů Celkový počet nahraných bodů na tomto kvízu bez doplňovacích otázek.
8. Pořadí na kvízu Konečné umístění týmu na tomto kvízu.

Zaznamenané odpovědi

# Otázka Odpověď Body Výsledky
1. O víkendu se na letišti v Ostr... 20. ročník 0
2. Ve švýcarském Curychu minulý t... čokoláda 1
3. Na rozdíl od dob socialismu se... Máša a medvěd 0
4. Firma Sony minulý týden oznámi... Je bezdisková. 1
5. Letošní Tour de France se zaps... Tadej Pogačar 0
6. Po dějinách Ukrajiny, které js... Arpádovci 0
7. Jak se nazývá město v jižním M... Moháč 0
8. V rámci Pařížské mírové konfer... Trianonská smlouva 0
9. Liberální pojetí socialismu sp... gulášový socialismus/komunismus 0
10. Napište šestipísmennou zkratku... Fidesz 0